[Event "Club Championships, B Grade"]
[Site "Wellington Chess Club"]
[Date "2010.08.24"]
[Round "5"]
[White "Forster, Bill"]
[Black "Aldridge, Alan"]
[Result "1-0"]
[WhiteElo "1984"]
[BlackElo "1909"]

1. Nf3 Nf6 2. c4 c5 3. g3 g6 4. Bg2 Bg7 5. d4 O-O 6. Nc3 cxd4 7. Nxd4 Nc6 8.
O-O Nxd4 9. Qxd4 d6 10. Qd2 Rb8 11. b3 b6 12. Bb2 Be6 13. e4 Qd7 14. Rae1 Bh3
15. Bxh3 Qxh3 16. Nd5 Nxd5 17. exd5 Bxb2 18. Qxb2 e6 19. Qf6 exd5 20. cxd5 Qh5
21. Qxd6 Rbd8 22. Qc7 Rxd5 23. Qxa7 Ra5 24. Qxb6 Rxa2 25. Re7 Qf5 26. Rfe1 Qd5
27. b4 Rb2 28. Qc5 Qa8 29. b5 Qb8 30. R1e5 Rb1+ 31. Kg2 Rc8 32. Qd5 Qa8 33.
Qxa8 Rxa8 34. Rb7 Ra5 35. Re8+ Kg7 36. Ree7 Raxb5 37. Rxf7+ Kg8 38. Rg7+ Kf8
39. Rbf7+ Ke8 40. Rxh7 1-0

[Event "Club Championships, B Grade"]
[Site "Wellington Chess Club"]
[Date "2010.08.24"]
[Round "5"]
[White "Kay, Bruce"]
[Black "Jackson, Ross"]
[Result "1/2-1/2"]
[WhiteElo "1738"]
[BlackElo "1977"]

1. d4 Nf6 2. c4 c5 3. d5 e6 4. Nc3 exd5 5. cxd5 d6 6. g3 g6 7. Bg2 Bg7 8. Nf3
a6 9. a4 Bg4 10. Nd2 O-O 11. Nc4 Qc7 12. Bf4 Rd8 13. Qd2 b6 14. O-O Ne8 15.
Rfe1 Ra7 16. e4 f6 17. Be3 Rb7 18. f4 b5 19. axb5 axb5 20. Na5 Rb6 21. Nb3 Bd7
22. Ra2 b4 23. Ne2 Bb5 24. Rea1 Na6 25. Bf1 Qd7 26. Nec1 Bxf1 27. Kxf1 Nec7 28.
Qe2 Ra8 29. Nd2 Rb5 30. Nc4 Bf8 31. Nb3 Qc8 32. Qd3 Ne8 33. Kg2 Nac7 34. Rxa8
Nxa8 35. Ra7 Rb7 36. Ra1 Nb6 37. Nbd2 Nxc4 38. Nxc4 Qd7 39. b3 Ra7 40. Qb1 Rxa1
41. Qxa1 f5 42. Qb1 Ng7 43. Qd3 fxe4 44. Qxe4 Qa7 45. Qc2 Nf5 46. Bf2 Qa1 47.
h3 Qc3 48. Qxc3 bxc3 49. Na3 Ne7 50. Nc2 Nxd5 51. Kf3 Kf7 52. Ke4 Ke6 53. Kd3
Bg7 54. Be1 Nb4+ 55. Nxb4 cxb4 56. g4 h6 57. Bf2 Kd5 58. Bb6 Bf6 59. Be3 Bh4
60. f5 gxf5 61. gxf5 Bg5 62. Bb6 Kc6 63. Ba5 Kc5 64. Bc7 Bf6 65. Bb8 Kd5 66.
Bc7 Be7 67. Ba5 Kc5 68. Bc7 Bf6 69. Bb8 Kc6 70. Ba7 h5 71. Be3 Be5 72. Ba7 d5
73. Bf2 d4 74. Bh4 Kd5 75. Be7 Bd6 76. Bf6 Bc5 77. Bg7 Bb6 78. Bf6 Kd6 79. Bg7
Ke7 80. Be5 Kf7 81. Bh8 Bc5 82. Be5 Kg8 83. Bf6 Kh7 84. Bd8 Kh6 85. Bf6 Bb6 86.
Be7 Kg7 87. Bh4 Bc5 88. Bd8 Kf7 89. Bh4 Be7 90. Bf2 Bf6 91. Bg3 h4 92. Bd6 Kg7
93. Bxb4 Kh6 94. Bc5 Kg5 95. b4 Kxf5 96. b5 Be5 97. b6 Ke6 98. b7 Kf5 99. Ba7
Kf4 100. b8=Q Bxb8 101. Bxb8+ Kf3 1/2-1/2

[Event "Club Championships, B Grade"]
[Site "Wellington Chess Club"]
[Date "2010.08.31"]
[Round "6"]
[White "Capper, David"]
[Black "Forster, Bill"]
[Result "0-1"]
[WhiteElo "1744"]
[BlackElo "1984"]

1. Nf3 f5 2. b3 d6 3. g3 e5 4. d3 Nf6 5. Nbd2 Be7 6. Bg2 O-O 7. O-O Nc6 8. Bb2
Qe8 9. e4 Qh5 10. Ne1 Qh6 11. Bc1 f4 12. Ndf3 g5 13. c3 Kh8 14. Qc2 g4 15. Nh4
Ne8 16. Nf5 Bxf5 17. exf5 Rxf5 18. f3 Nf6 19. d4 Rh5 20. Bh1 Rg8 21. dxe5 dxe5
22. Rf2 Bc5 23. Nd3 Rxh2 24. Bg2 Bxf2+ 25. Qxf2 Qg6 26. Ne1 gxf3 27. Qxf3 Qxg3
28. Qxg3 fxg3 29. Nf3 Rh5 30. Bd2 e4 31. Nd4 Nxd4 32. cxd4 Re8 33. Re1 Rd5 34.
Bc3 h5 35. Rf1 Kg7 36. Rf4 e3 37. Bxd5 Nxd5 38. Be1 Nxf4 39. d5 h4 40. Bc3+ Kg6
0-1

[Event "Club Championships, B Grade"]
[Site "Wellington Chess Club"]
[Date "2010.08.31"]
[Round "6"]
[White "Nicholls, Alistair"]
[Black "Dallow, Chris"]
[Result "0-1"]
[WhiteElo "1740"]
[BlackElo "1730"]

1. d4 d5 2. c4 e6 3. g3 Nf6 4. Bg2 c6 5. cxd5 exd5 6. Nc3 Be7 7. Nf3 O-O 8. O-O
h6 9. Qd3 Be6 10. Bf4 Nbd7 11. Rac1 Re8 12. Rfd1 Nf8 13. Ne5 N6d7 14. e4 dxe4
15. Nxe4 (15. Bxe4 {+0.08/18 1:13} 15... Nf6 {-0.13/16 54} 16. d5 {+0.11/14 56}
16... cxd5 {-0.14/17 33} 17. Bg2 {+0.07/15 2:00} 17... Rc8 {+0.11/15 1:06} 18.
Nxd5 {+0.00/16 53} 18... Nxd5 {+0.10/18 32} 19. Bxd5 {-0.03/17 1:05} 19... Rxc1
{+0.10/17 1:02} 20. Bxc1 {-0.13/17 1:09} 20... Qc8 {+0.07/19 1:04} 21. Qc4
{-0.13/16 1:04} ) 15... Nxe5 16. Bxe5 Ng6 17. Qc3 Bd5 18. a3 f6 19. Bf4 Nxf4
20. gxf4 f5 (20... Bd6 {+0.70/17 2:15} 21. Nxd6 {-0.71/17 53} 21... Qxd6
{+0.73/18 1:12} 22. Bxd5+ {-0.71/16 1:04} 22... Qxd5 {+0.73/17 38} 23. Qb4
{-0.74/16 56} 23... Qf7 {+0.80/17 56} ) 21. Ng3 Bxg2 22. Kxg2 Qd5+ 23. Kg1 Bd6
24. Qd2 Re6 25. Rc3 Rae8 26. Re3 Kf7 27. Qe2 Bxf4 28. Rxe6 Rxe6 29. Qh5+ g6 30.
Qh3 c5 31. Qg2 Qxg2+ 32. Kxg2 Bxg3 33. hxg3 Rd6 34. d5 b5 35. f4 Rd7 36. Kf3
Ke7 37. Re1+ Kd6 38. Re6+ Kxd5 39. Rxg6 Kc4 40. Rxh6 Rd3+ 41. Kg2 Rd2+ 42. Kh3
Rxb2 43. g4 Rb3+ 44. Kh4 fxg4 45. Kxg4 Rxa3 46. f5 Ra1 47. Rh3 Kd5 48. Rf3 Ke5
49. f6 Rg1+ 50. Kh5 Rg8 51. f7 Rf8 52. Kg6 Rxf7 53. Kxf7 { Rxf7 is more
precise. } 53... c4 {User adjudication - unfortunately here I resigned.} 0-1

[Event "Club Championships, B Grade"]
[Site "Wellington Chess Club"]
[Date "2010.08.31"]
[Round "6"]
[White "Rabina, Romeo"]
[Black "Aldridge, Alan"]
[Result "1/2-1/2"]
[WhiteElo "1718"]
[BlackElo "1909"]

1. e4 d5 2. exd5 Qxd5 3. Nc3 Qd6 4. d4 Nf6 5. Be2 g6 6. Nf3 Bg7 7. O-O O-O 8.
Re1 c6 9. h3 Nbd7 10. Be3 b5 11. a3 Nb6 12. Qd2 Rd8 13. Bf4 Qd7 14. Ne5 Qe8 15.
Bf3 Nfd5 16. Bg3 Bb7 17. Nxd5 Nxd5 18. Qe2 a5 19. c3 Rac8 20. Bg4 f5 21. Bf3
Ba8 22. Nd3 Bf6 23. Nc5 Qf7 24. Be5 Re8 25. Nd7 Rcd8 26. Bxd5 Qxd5 27. Nc5 Qf7
28. Bc7 Rd5 29. Qe6 a4 30. Bb6 Qxe6 31. Rxe6 Rd6 32. Rae1 Rxe6 33. Rxe6 Kf7 34.
Re1 Rb8 35. Bc7 1/2-1/2

[Event "Club Championships, B Grade"]
[Site "Wellington Chess Club"]
[Date "2010.09.07"]
[Round "7"]
[White "Aldridge, Alan"]
[Black "Capper, David"]
[Result "1-0"]
[WhiteElo "1909"]
[BlackElo "1744"]

1. e4 g6 2. c4 d6 3. Nc3 Bg7 4. Nf3 Nc6 5. Be2 e5 6. O-O Nf6 7. d3 O-O 8. Rb1
Ne8 9. Ne1 f5 10. f4 Nd4 11. exf5 gxf5 12. Nf3 Ne6 13. Qe1 Kh8 14. Qg3 exf4 15.
Bxf4 Nxf4 16. Qxf4 c6 17. d4 Qf6 18. Rbd1 Bh6 19. Qh4 Qg7 20. Rd3 Rg8 21. Ne1
Bg5 22. Qf2 Nf6 23. Kh1 Bd7 24. Bf3 Raf8 25. Nc2 Qh6 26. Qe2 Bf4 27. h3 Re8 28.
Qf2 Bg3 29. Qd2 f4 30. Kg1 Bh4 31. Be4 Bg5 32. Re1 f3 33. Qf2 fxg2 34. Bxg2
Rxe1+ 35. Nxe1 Bxh3 36. Rxh3 Bh4 37. Qf3 Qg5 38. Ne4 Nxe4 39. Qxe4 Bxe1 40.
Qxh7# 1-0

[Event "Club Championships, B Grade"]
[Site "Wellington Chess Club"]
[Date "2010.09.07"]
[Round "7"]
[White "Brockway, Andrew"]
[Black "Stracy, Don"]
[Result "1/2-1/2"]
[WhiteElo "1804"]
[BlackElo "1796"]

{Don and I have played the same variation of the Grand Prix Attack a few times.
This time I thought I would surprise him on move 3 by using a variation
favoured by Gawain Jones.} 1. e4 c5 2. Nc3 Nc6 {Don looked at this for a while.
I am not sure if he knew the variation but he proceeded to find the right moves
(in a slightly different order) to end up in a position from Gawain's book
after his 9th move.} 3. Bb5 Nd4 4. Bc4 e6 5. Nge2 a6 6. d3 b5 7. Bb3 Nxb3 8.
axb3 Bb7 9. O-O Nf6 {Gawain says there are 3 moves for white here, i.e., Bg5,
Ng3 and f4. In one of his games he played Bg5. I liked the look of f4 and
proceeded with that.} 10. f4 d6 {After d6 Gawain suggests f5 but then his
analysis of this line stops. I am on my own.} 11. f5 Be7 {I liked the look of
the look of this and Rybka agrees. The other move key suggested by Rybka was
Qe1 - a common move in the Grand Prix Attack. I considered this during the
game.} 12. fxe6 fxe6 13. Bg5 O-O 14. Nf4 Qd7 {A strategic mistake by me. Giving
up my nice bishop and ending up with 2 knights versus a bishop pair. I was
blinded by potential tactics - see next note. The other move I was considering,
i.e., Nh5 was much better.} 15. Bxf6 Bxf6 16. Qg4 Rae8 {At this stage I was
eyeing up tactics to exploit the either or both of two pins, i.e., pawn on e6
with the unguarded queen on d7 and the pawn on h7. What I had in mind was
getting a knight on d5 and/or h5. Don skillfully avoids the pitfalls and ends
up in a better position.} 17. Nh5 Bd4+ 18. Kh1 Rxf1+ 19. Rxf1 {Now I am in
danger of losing. My thought at this stage was to try and keep the queens on
and eventually exchange one of the knights for a bishop.} 19... Qe7 20. Ng3 Bc8
21. Qe2 Rf8 22. Nd1 Rxf1+ 23. Nxf1 Bb7 24. c3 Be5 25. Nd2 d5 26. Nf3 {Don makes
a slip and I am back in the game.} 26... Qf6 27. exd5 Bd6 28. Qxe6+ {Rybka
prefers dxe6 but either way I can't stay 2 pawns ahead.} 28... Qxe6 29. dxe6
Bd5 30. c4 Bxe6 31. Nc3 {Not trying to hang on to the second pawn gives me a
chance to get my knight to a better square.} 31... Bf5 32. Ne4 Be7 33. Ne5 {A
mistake by me. I should have started bringing my king over to the queenside.}
33... Bf6 34. Nxf6+ gxf6 35. Nc6 Bxd3 36. cxb5 axb5 37. b4 cxb4 38. Nxb4 Be4
39. Kg1 Kf7 40. Kf2 {I realised I have to move my pawn to g3 which loses a
tempo in getting my king to the queenside. However, can get a tempo back by
attacking the bishop with my king.} 40... Ke6 41. g3 Kd6 42. Na2 Kc5 43. Ke3
Bg6 44. Nc3 b4 45. Nd1 Kc4 46. Kd2 Kb3 47. Kc1 {Don offers me a draw which I
accept. We both made 1 significant error each so I think a draw was a fair
result in the end. An enjoyable game.} 47... Bc2 1/2-1/2

[Event "Club Championships, B Grade"]
[Site "Wellington Chess Club"]
[Date "2010.09.07"]
[Round "7"]
[White "Dallow, Chris"]
[Black "Rabina, Romeo"]
[Result "1/2-1/2"]
[WhiteElo "1730"]
[BlackElo "1718"]

1. d4 d5 2. c4 c6 3. Nc3 Nf6 4. e3 g6 5. cxd5 cxd5 6. Nf3 Bg7 7. Bd3 O-O 8. O-O
Nc6 9. a3 Re8 10. Rb1 Bg4 11. h3 Bc8 12. b4 b6 13. Bb2 Bb7 14. Bb5 a6 15. Bxc6
Bxc6 16. Ne5 Bb7 17. a4 Rc8 18. Qb3 Rf8 19. b5 a5 20. Ba3 Re8 21. Rfd1 Bf8 22.
Rbc1 e6 23. Bxf8 Kxf8 24. Rc2 Nd7 25. Nf3 Kg7 26. Rdc1 Nf6 27. Qb2 Qd6 1/2-1/2

[Event "Club Championships, B Grade"]
[Site "Wellington Chess Club"]
[Date "2010.09.07"]
[Round "7"]
[White "Forster, Bill"]
[Black "Jackson, Ross"]
[Result "1/2-1/2"]
[WhiteElo "1984"]
[BlackElo "1977"]

1. Nf3 Nf6 2. c4 e6 3. g3 d5 4. Bg2 Bd6 5. d4 dxc4 6. O-O O-O 7. Qc2 Nbd7 8.
Rd1 Qe7 9. Nbd2 c6 10. Nxc4 Bc7 11. b3 Nd5 12. Ng5 f5 13. Qd2 h6 14. Nf3 a5 15.
Nh4 Rf6 16. Ba3 Nb4 17. Ne3 Bd6 18. Nc4 Bc7 19. Ne3 Bd6 20. Nc4 1/2-1/2

[Event "Club Championships, B Grade"]
[Site "Wellington Chess Club"]
[Date "2010.09.07"]
[Round "7"]
[White "Kay, Bruce"]
[Black "Nicholls, Alistair"]
[Result "1-0"]
[WhiteElo "1738"]
[BlackElo "1740"]

1. d4 Nf6 2. c4 e6 3. Nc3 Bb4 4. e3 O-O 5. Bd3 c5 6. Nf3 d5 7. O-O cxd4 8. exd4
dxc4 9. Bxc4 a6 10. Bg5 b5 11. Bb3 Bb7 12. Qe2 Be7 13. a3 Nc6 14. Rad1 Qc8 $2
15. Bc2 h6 16. Bxf6 Bxf6 17. d5 exd5 18. Nxd5 Bd8 19. Rfe1 Ne7 $4 20. Nxe7+
Bxe7 21. Qd3 g6 22. Rxe7 Bxf3 23. gxf3 Qc5 24. Rd7 Rac8 25. Bb3 Qg5+ 26. Kh1
Rc1 27. Qe3 Rxd1+ 28. Rxd1 Qf6 29. Qc3 Qf5 30. Bc2 Qe6 31. Be4 Rc8 32. Qd2 Qf6
33. Qd4 Qg5 34. Qd2 Qh4 35. Qd7 Rc5 36. Qd8+ Qxd8 37. Rxd8+ Kg7 38. Rd2 a5 39.
Rc2 Re5 40. b4 axb4 41. axb4 f5 42. Bc6 Re1+ 43. Kg2 Rb1 44. Bxb5 Rxb4 45. Be8
Rb6 46. Rc7+ Kf6 47. Rh7 Kg5 48. Rg7 Re6 49. Bb5 Kh5 50. Rc7 Rf6 51. Rc6 Rxc6
52. Bxc6 Kg5 53. Kg3 f4+ 54. Kh3 Kh5 55. Be8 Kg5 56. Bf7 Kh5 1-0

[Event "Club Championships, B Grade"]
[Site "Wellington Chess Club"]
[Date "2010.09.14"]
[Round "8"]
[White "Dallow, Chris"]
[Black "Kay, Bruce"]
[Result "1-0"]
[WhiteElo "1730"]
[BlackElo "1738"]

1. d4 Nf6 2. c4 c5 3. d5 b5 4. b3 bxc4 5. bxc4 d6 6. Nf3 g6 7. Bb2 Bg7 8. e4
Nbd7 9. Qc2 O-O 10. Bd3 Rb8 11. O-O Rxb2 12. Qxb2 Nxd5 13. Qa3 Bxa1 14. exd5
Bg7 15. Qxa7 Qb6 16. Qxb6 Nxb6 17. Nbd2 Ba6 18. Rb1 Rb8 19. a4 Nd7 20. Rxb8+
Nxb8 21. Nb1 Nd7 22. Nfd2 Nb6 23. a5 Na4 24. Kf1 Nb2 25. Be2 Kf8 26. f4 Ke8 27.
g3 e6 28. Kf2 Ke7 29. g4 Bd4+ 30. Kf3 Bb7 31. Kg3 exd5 32. Bf3 Na4 33. Bxd5
Bxd5 34. cxd5 h6 35. Nc4 Kd7 36. h4 Kc7 37. g5 h5 38. Kf3 Bg7 39. a6 Nb6 40. a7
Na8 41. Nba3 1-0

[Event "Club Championships, B Grade"]
[Site "Wellington Chess Club"]
[Date "2010.09.14"]
[Round "8"]
[White "Jackson, Ross"]
[Black "Aldridge, Alan"]
[Result "1/2-1/2"]
[WhiteElo "1977"]
[BlackElo "1909"]

1. d4 Nf6 2. c4 c5 3. d5 b5 4. cxb5 a6 5. bxa6 Bxa6 6. Nc3 d6 7. g3 g6 8. Bg2
Bg7 9. Nf3 O-O 10. Rb1 Nbd7 11. O-O Ra7 12. b3 Qa8 13. Nh4 Rb8 14. a4 Rab7 15.
Ba3 Nb6 16. Qc2 Ne8 17. Bb2 Nd7 18. Ba1 c4 19. bxc4 Bxc4 20. Rxb7 Rxb7 21. Rb1
Rxb1+ 22. Qxb1 Bxc3 23. Bxc3 Qxa4 24. Bf3 Nef6 25. e4 Ba2 26. Qb2 Qb3 27. Qxb3
Bxb3 28. Bh1 Ng4 29. h3 Nge5 30. f4 Nc4 31. Nf3 f6 32. Nd2 Nxd2 33. Bxd2 Bc2
1/2-1/2

[Event "Club Championships, B Grade"]
[Site "Wellington Chess Club"]
[Date "2010.09.14"]
[Round "8"]
[White "Nicholls, Alistair"]
[Black "Brockway, Andrew"]
[Result "1-0"]
[WhiteElo "1740"]
[BlackElo "1804"]

1. e4 c5 2. Nc3 Nc6 3. f4 g6 4. Nf3 Bg7 5. Bb5 Nd4 6. a4 Nxb5 7. axb5 d6 8. O-O
Bd7 9. Qe2 e6 10. f5 Ne7 11. fxe6 Bxe6 12. Nd5 O-O 13. c4 Nxd5 14. exd5 Bg4 15.
Kh1 Bd4 16. Qe1 Bxf3 17. Rxf3 Re8 18. Qf1 Re7 (18... Qh4 {+1.87/17 2:01} 19. g3
{-1.88/19 40} 19... Qh5 {+1.87/19 35} 20. Raa3 {-1.88/19 1:11} 20... Re7
{+1.87/18 1:10} 21. Kg2 {-1.88/18 1:08} 21... Re5 {+1.89/18 2:19} 22. b3
{-1.98/19 26} 22... Rae8 {+2.00/17 1:04} 23. Re3 {-1.98/19 30} 23... Bxe3
{+2.02/18 30} ) 19. d3 Qe8 20. Bg5 Re2 21. Rxf7 (21. Bf6 {+0.00/21 1:30} 21...
Bxb2 {+0.00/21 29} 22. Bxb2 {+0.00/21 1:10} 22... Rxb2 {+0.00/21 52} 23. Re1
{+0.00/21 1:12} 23... Qd7 {+0.00/21 1:31} 24. Rfe3 {+0.00/22 55} 24... Qf5
{+0.00/22 55} ) 21... Kh8 $4 {Here Andrew mistakenly took the rook with his
king rather than his queen so due to club touch rules had to move his king to
the only available square which easily leads to mate.}  (21... Qxf7 22. Qxe2
Re8 {-0.10/20 1:18} 23. Qf3 {+0.03/18 32} 23... Bxb2 {-0.13/20 34} 24. Qxf7+
{+0.09/21 44} 24... Kxf7 {-0.02/22 52} 25. Rf1+ {+0.09/23 39} 25... Kg7
{-0.03/23 34} 26. Bf4 {+0.07/22 1:10} 26... Be5 {-0.03/23 33} 27. Bxe5+
{+0.17/22 1:08} 27... Rxe5 {-0.14/23 26} 28. Kg1 {+0.17/23 38} 28... Re7
{-0.04/23 38} )  (21... Re5 {+2.06/16 1:20} 22. Rxb7 {-2.12/17 1:10} 22... Rxg5
{+2.14/18 1:13} 23. Re1 {-2.13/17 58} 23... Re5 {+2.20/18 1:10} 24. Rxe5
{-2.13/15 30} 24... Bxe5 {+2.19/18 29} 25. Rc7 {-2.56/14 2:02} 25... Bxb2
{+2.97/16 41} 26. Qf2 {-2.70/16 54} 26... Bf6 {+3.23/18 49} 27. Qf1 {-3.34/16
1:53} 27... Qd8 {+4.79/18 32} 28. Rc6 {-3.66/17 59} 28... Qe7 {+5.47/17 1:11}
29. b6 {-3.66/16 1:10} 29... Bd4 {+6.08/17 1:02} 30. g3 {-4.97/15 40} 30...
axb6 {+6.58/18 40} ) 22. Bf6+ Kg8 23. Rg7+ 1-0

[Event "Club Championships, B Grade"]
[Site "Wellington Chess Club"]
[Date "2010.09.14"]
[Round "8"]
[White "Rabina, Romeo"]
[Black "Capper, David"]
[Result "1/2-1/2"]
[WhiteElo "1718"]
[BlackElo "1744"]

1. d4 g6 2. Nf3 d6 3. Nbd2 Bg7 4. c3 Nf6 5. e4 O-O 6. Be2 Nbd7 7. O-O e5 8. Re1
Ne8 9. Nf1 a6 10. a4 Kh8 11. Be3 f5 12. exf5 gxf5 13. Bg5 Nef6 14. dxe5 dxe5
15. Ng3 h6 16. Bh4 e4 17. Nxf5 exf3 18. Bxf3 Rg8 19. Bd5 Nf8 20. Bxg8 Qxd1 21.
Raxd1 Bxf5 22. Bb3 Ng6 23. Bg3 Rc8 24. f3 Nh5 25. Bf2 Nhf4 26. Re3 Rf8 27. Bg3
Bc8 28. Kf2 c5 29. Bc2 1/2-1/2

[Event "Club Championships, B Grade"]
[Site "Wellington Chess Club"]
[Date "2010.09.21"]
[Round "9"]
[White "Aldridge, Alan"]
[Black "Stracy, Don"]
[Result "1/2-1/2"]
[WhiteElo "1909"]
[BlackElo "1796"]

1. d4 Nf6 2. Bf4 g6 3. Nf3 Bg7 4. e3 O-O 5. h3 d6 6. Bc4 c5 7. c3 cxd4 8. exd4
Bd7 9. O-O Qc8 10. Qe2 d5 11. Bd3 Nc6 12. Nbd2 a6 13. Rac1 Bf5 14. Rfe1 Bxd3
15. Qxd3 Qd7 16. Ne5 Nxe5 17. Bxe5 Ne8 18. Nf3 Bh6 19. Rc2 Rc8 20. c4 dxc4 21.
Rxc4 Rxc4 22. Qxc4 Nd6 23. Bxd6 Qxd6 24. Ne5 e6 25. Qc5 Rd8 26. Qxd6 Rxd6 27.
Rd1 Bg7 28. Nf3 b5 29. Kf1 e5 30. d5 e4 31. Ng5 Bxb2 32. Nxe4 Rd8 33. Nc5 Rd6
34. Ne4 Rd8 1/2-1/2

[Event "Club Championships, B Grade"]
[Site "Wellington Chess Club"]
[Date "2010.09.21"]
[Round "9"]
[White "Brockway, Andrew"]
[Black "Dallow, Chris"]
[Result "1-0"]
[WhiteElo "1804"]
[BlackElo "1730"]

1. e4 e5 2. Nf3 d6 3. d4 Nd7 4. dxe5 dxe5 5. Bc4 c6 6. O-O Be7 7. Re1 Ngf6 8.
Bg5 O-O 9. a3 h6 10. Bh4 a5 11. Nc3 Qc7 12. Bg3 Nh5 13. Nxe5 Nxg3 14. Nxd7 Bxd7
15. hxg3 Rad8 16. Qf3 Qc8 17. Be2 Bd6 18. Qe3 Rfe8 19. f4 Re7 20. Qf3 b5 21. e5
Bc5+ 22. Kf1 f5 23. exf6 Re3 24. Qh5 Be8 25. Qxc5 1-0

[Event "Club Championships, B Grade"]
[Site "Wellington Chess Club"]
[Date "2010.09.21"]
[Round "9"]
[White "Forster, Bill"]
[Black "Nicholls, Alistair"]
[Result "1-0"]
[WhiteElo "1987"]
[BlackElo "1740"]

1. Nf3 Nf6 2. c4 c5 3. g3 Nc6 4. Bg2 e5 5. d3 Be7 6. O-O d6 7. Nc3 O-O 8. a3
Rb8 9. Rb1 h6 10. b4 cxb4 11. axb4 a5 $2 12. bxa5 Nxa5 13. Be3 b6 14. Na4 Nd7
15. Qd2 Qc7 $2 16. Nxb6 Nb7 17. Nd5 Qd8 18. Qa2 Nf6 19. Nxf6+ Bxf6 20. Qa7 Be6
21. Rxb7 Rxb7 22. Qxb7 1-0

[Event "Club Championships, B Grade"]
[Site "Wellington Chess Club"]
[Date "2010.09.21"]
[Round "9"]
[White "Kay, Bruce"]
[Black "Rabina, Romeo"]
[Result "1-0"]
[WhiteElo "1738"]
[BlackElo "1718"]

1. d4 d5 2. c4 c6 3. Nf3 Nf6 4. Nc3 Bf5 5. e3 h6 6. Bd3 Bg4 7. h3 Bc8 8. O-O e6
9. e4 dxe4 10. Nxe4 Be7 11. Be3 O-O 12. Qe2 Nbd7 13. Rfd1 b6 14. Rac1 Bb7 15.
Nc3 Rc8 16. Bb1 Qc7 17. Qc2 Bd6 18. d5 a6 19. dxe6 fxe6 20. Qg6 Rf7 21. Qd3 Ne5
22. Qxd6 Nxf3+ 23. gxf3 Qxd6 24. Rxd6 c5 25. Rcd1 Bxf3 26. Rd8+ Rf8 27. Rxc8
Rxc8 28. Rd6 Rc6 29. Rxc6 Bxc6 30. Bf4 Kf7 31. Bc7 b5 32. cxb5 axb5 33. Bd6 c4
34. a3 Bd7 35. Kh2 Nd5 36. Bc2 Nf6 37. Ne4 Bc6 38. Nxf6 Kxf6 39. Kg3 e5 40. f3
Bd7 41. Be4 g6 42. Bc7 g5 43. Bd8+ Kg7 44. h4 gxh4+ 45. Kxh4 Be8 46. Bc7 Kf6
47. Bd6 h5 48. f4 exf4 49. Bxf4 Ke6 1-0

[Event "Club Championships, B Grade"]
[Site "Wellington Chess Club"]
[Date "2010.10.12"]
[Round "12"]
[White "Aldridge, Alan"]
[Black "Dallow, Chris"]
[Result "1-0"]
[WhiteElo "1909"]
[BlackElo "1730"]

1. d4 d5 2. c4 e6 3. Nf3 Nf6 4. Nc3 Nbd7 5. e3 Be7 6. Bd3 c6 7. O-O O-O 8. Qe2
Re8 9. Bd2 Qc7 10. cxd5 exd5 11. Rfc1 Bd6 12. Nb5 Qb8 13. Nxd6 Qxd6 14. b4 a6
15. a4 b6 16. Bc3 Ne4 17. Bb2 f5 18. Qc2 Bb7 19. b5 axb5 20. axb5 c5 21. dxc5
Ndxc5 22. Nd4 g6 23. h3 Rac8 24. Bxe4 dxe4 25. Nc6 Nd3 26. Ra7 Rc7 27. Qb3+ Kf8
28. Ba3 1-0

[Event "Club Championships, C Grade"]
[Site "Wellington Chess Club"]
[Date "2010.08.03"]
[Round "2"]
[White "Gillespie, John"]
[Black "Farrington, Lawrence"]
[Result "0-1"]
[WhiteElo "1517"]
[BlackElo "1696"]

1. d4 d5 2. c4 Nc6 3. Nf3 Bg4 4. Nbd2 Nf6 5. h3 Bxf3 6. Nxf3 e6 7. c5 Be7 8.
Bf4 O-O 9. e3 Ne4 10. Bd3 Nb4 11. Bb1 c6 12. O-O Na6 13. Nd2 f5 14. Nxe4 fxe4
15. f3 Bg5 16. fxe4 Bxf4 17. exf4 Qh4 18. Qd2 Rf7 19. exd5 exd5 20. f5 Raf8 21.
Rf4 Qg5 22. Qf2 Qf6 23. a4 Nc7 24. g3 Re7 25. Bd3 Rfe8 26. Rf3 Rf8 27. Rf1 Ne8
28. b4 Qh6 29. g4 Nf6 30. Qg2 Ne4 31. f6 gxf6 32. g5 Nxg5 33. Rf4 Qxh3 34. Qxh3
Nxh3+ 35. Kh2 Nxf4 36. Rxf4 Rg7 0-1

[Event "Club Championships, C Grade"]
[Site "Wellington Chess Club"]
[Date "2010.08.03"]
[Round "2"]
[White "Palmer, Luke"]
[Black "Stoeveken, Peter"]
[Result "0-1"]
[WhiteElo "1012"]
[BlackElo "1584"]

1. e4 c5 2. d3 Nc6 3. Nf3 d6 4. Be3 Bg4 5. Be2 e6 6. Nc3 Nf6 7. Qd2 Be7 8. O-O
O-O 9. Rad1 a6 10. d4 cxd4 11. Nxd4 Nxd4 12. Bxd4 Bxe2 13. Nxe2 Nxe4 14. Qe3 d5
15. Nc3 Bg5 16. Qd3 Nxc3 17. Bxc3 Bf6 18. Bxf6 Qxf6 19. Qa3 Rac8 20. c3 Qg5 21.
Qb4 b5 22. Qd6 a5 23. Qa6 b4 24. Qxa5 bxc3 25. bxc3 Ra8 26. Qb4 Rxa2 27. Qb1
Rfa8 28. Rfe1 h6 29. h3 Qf6 30. Qc1 Qxf2+ 0-1

[Event "Club Championships, C Grade"]
[Site "Wellington Chess Club"]
[Date "2010.08.03"]
[Round "2"]
[White "Roberts, Michael"]
[Black "Marney, John"]
[Result "0-1"]
[WhiteElo "1710"]
[BlackElo "1503"]

1. e4 e5 2. Nf3 Nc6 3. Bb5 a6 4. Ba4 Nf6 5. O-O b5 6. Bb3 d6 7. c3 Be7 8. Qe2
O-O 9. h3 Bb7 10. d4 Na5 11. Bc2 exd4 12. cxd4 Rc8 13. Rd1 c5 14. dxc5 Qc7 15.
cxd6 Bxd6 16. Bd3 Rfe8 17. Nbd2 Nc6 18. b3 Ne5 19. Nxe5 Bxe5 20. Rb1 Qb6 21.
Bb2 Bxb2 22. Rxb2 Nd5 23. Qf1 Nc3 24. Re1 Qf6 25. Rc2 b4 26. Re3 Rc5 27. f4 Qd4
28. Qf2 0-1

[Event "Club Championships, C Grade"]
[Site "Wellington Chess Club"]
[Date "2010.08.03"]
[Round "2"]
[White "Whittle, Jonathon"]
[Black "Wilson, Dallas"]
[Result "0-1"]
[WhiteElo "1571"]
[BlackElo "1712"]

1. Nf3 Nc6 2. d3 e5 3. Nbd2 Nf6 4. e4 Bc5 5. h3 d6 6. g3 Be6 7. Bg2 h6 8. Nf1
Qd7 9. Ne3 O-O-O 10. c3 d5 11. Nxe5 Nxe5 12. d4 dxe4 13. dxe5 Qxd1+ 14. Nxd1
Nd7 15. b4 Bb6 16. a4 Nxe5 17. Bxe4 c6 18. a5 Bc7 19. Be3 f5 20. Bc2 Rhe8 21.
Nb2 Kb8 22. f4 Bd5 23. Rf1 Nc4 24. Nxc4 Bxc4 25. Kf2 Bxf1 26. Rxf1 g6 27. Rd1
Rxd1 28. Bxd1 b6 29. a6 b5 30. Kf3 Bb6 31. Bd2 Kc7 32. Bb3 Re7 33. c4 bxc4 34.
Bxc4 c5 35. bxc5 Bxc5 36. Bb5 Kb6 37. Bc4 Rd7 38. Bc3 Rd1 39. Bg7 h5 40. Bf6
Rh1 41. Kg2 Re1 42. Bd8+ Kc6 43. Bf7 Re2+ 44. Kf1 Rf2+ 45. Ke1 Rh2 46. Kf1 Rd2
47. Bh4 Rd6 48. Bc4 Bd4 49. Ke2 Bf6 50. Bg5 Bxg5 51. fxg5 Kc5 52. Bd3 Kd4 53.
Kd2 Re6 54. Be2 Re3 55. g4 hxg4 56. hxg4 f4 57. Bb5 f3 0-1